Регионална библиотека "Любен Каравелов" - Русе

Пътуване с Venzicello (Запис номер 55452)

MARC детайли
000 -Лидер
Контролно поле с фиксирана дължина 01896nam a2200469 c 4500
003 - Код на организацията, давaща контролен номер
Контролно поле BLK
005 - Дата и час на последна редакция
Контролно поле 20241003135148.0
008 - Елементи от данни с фиксирана дължина
fixed length control field 180408b bul|||||r ||||||| ||bul||
010 ## - Наследен системен номер
LC control number KNG00059420000
020 ## - Международен стандартен номер на книга ISBN
Международен стандартен номер на книга ISBN 954-8307-55-3
040 ## - Източник на каталожния запис
Идентификатор на билиотеката - собственик на записа BLK
041 ## - Код за език
Код за езика на текст/звукозапис или на отделно заглавие Български
Код за езика КДБФ Български
072 #7 - Код за тематичната категория
Код организация bullib
Код за тематична категория РА
Текст Русенски автори
072 #7 - Код за тематичната категория
Код организация bullib
Код за тематична категория К
Текст Краезнание
080 ## - УДК
Текстов определител УДК Българска литература
УДК код - определител по УДК 821.163.2
УДК определител -94
УДК - код + определител 821.163.2-94
080 ## - УДК
Текстов определител УДК Виолончелисти изпълнители
УДК код - определител по УДК 787.3.071.2
УДК определител (497.2)(092)(093.3)
УДК - код + определител 787.3.071.2(497.2)(092)(093.3)
080 ## - УДК
Текстов определител УДК Български виолончелист, русенец
УДК код - определител по УДК 929 Николов, Венцеслав Михайлов
УДК - код + определител 929 Николов, Венцеслав Михайлов
100 1# - Редна дума - Автор
Автор Николов, Венцеслав Михайлов
Дати, свързани с автора 1943-
R(LIN) 102597
139 ## - Редно поле
Редна дума Николов, Венцеслав Михайлов
Авторски знак Николо - Н 74
245 10 - Сведения за заглавието
Заглавие Пътуване с Venzicello
Редно поле (дума) Венцеслав Михайлов Николов.
257 ## - Страна на издаване
Страна на създаване/издаване България
260 ## - Област на издателските данни
Име на издателя, разпространителя и проч. Звездан
Година на издаване 2005
300 ## - Физическа характеристика
Страници 276 с.
Размери/Мащаб 19 см
380 ## - Жанр
Жанр Худож. лит.
500 ## - Общи забележки
Забележка Съдържа и за авт.
600 14 - Име на лице, използвано като предмет
За него / За нея Николов, Венцеслав Михайлов
Свързани дати 1943-
9 (RLIN) 102597
650 #4 - Допълнително описание по предмет – тема
Основно описание – тема или топоним Виолончелисти, български
9 (RLIN) 150747
650 #4 - Допълнително описание по предмет – тема
Основно описание – тема или топоним Николов, Венцеслав Михайлов
9 (RLIN) 369155
653 ## - Ключова дума – ненормативна
Ключова дума виолончело
653 ## - Ключова дума – ненормативна
Ключова дума Венцеслав Николов
653 ## - Ключова дума – ненормативна
Ключова дума виолончелисти
653 ## - Ключова дума – ненормативна
Ключова дума спомени
659 ## - Тематичен бюлетин
Тематичен бюлетин К
852 ## - Местоположение
Форматна сигнатура Цб 227301
852 ## - Местоположение
Форматна сигнатура К 821.163.2/Н 74 В
856 4# - Електронен адрес и достъп
Електронен формат pdf - файл
856 4# - Електронен адрес и достъп
Електронен формат pdf - файл
999 ## - СИСТЕМНИ КОНТРОЛНИ НОМЕРА
Koha biblionumber 55452
Koha biblioitemnumber 55452
942 ## - АРТИКУЛИ
Вид на библиотечния материал Книги
Скрит в OPAC Не
Периодичен библиозапис Да
944 ## - СЪЗДАВАНЕ И РЕДАКЦИЯ на ЗАПИСА
Създаване/Редакция Създаване
Дата на регистрацията/редакция 10.05.2006
Статус, дата на статуса Геновева Генчева
Служител, извършил регистрацията/редакцията 30560
944 ## - СЪЗДАВАНЕ И РЕДАКЦИЯ на ЗАПИСА
Създаване/Редакция Редакция
Дата на регистрацията/редакция 04.05.2015
Статус, дата на статуса ф /
Служител, извършил регистрацията/редакцията Людмила_Стоянова
999 ## - СИСТЕМНИ КОНТРОЛНИ НОМЕРА
Koha biblioitemnumber 55452
Наличности
Код за отписване Код за изгубен артикул Код за повреда Коз за рестрикции Код за отдаване Артикулен № Име на библиотеката - собственик Име на библиотеката, в която се намира в момента Статус (Текущо местоположение) Дата на вписване в системата Местоположение - отдел Цена в лева Инвентарен номер Систематично азбучна сигнатура Баркод Номер на екземпляра Цена в евро Служебна бележка Служебен тип на артикула Източник на класификационната схема
  Не е изгубен Не е повреден без рестрикции ползва се в читалня 87205 Регионална библиотека "Любен Каравелов" Русе Регионална библиотека "Любен Каравелов" Русе Хранилище 2006-05-10 Хранилище 10.00 120000701845 Цб 227301 120000701845 1 5.11 Дост: Dp Вид: Д N: 15 Дата: 30.03.2005 Книги  
  Не е изгубен Не е повреден без рестрикции ползва се в читалня 87206 Регионална библиотека "Любен Каравелов" Русе Регионална библиотека "Любен Каравелов" Русе Краезнание 2014-01-17 Краезнание 10.00 120000773627 К 821.163.2/Н 74 В 120000773627 2 5.11 Дост: DA Вид: А N: 2 Дата: 17.01.2014 Дата инв: 14.11.2017 Бележки инв: К2017 Книги Universal Decimal Classification
  Не е изгубен Не е повреден без рестрикции заемане за дома 87207 Регионална библиотека "Любен Каравелов" Русе Регионална библиотека "Любен Каравелов" Русе Заемна - подръчен фонд 2015-04-27 Заемна - подръчен фонд 10.00 120000787471 П 886.7-9/Н 74 120000787471 3 5.11 Дост: DA Вид: А N: 7 Дата: 27.04.2015 Дата инв: 13.02.2018 Бележки инв: П2018 Книги  
  Не е изгубен Не е повреден без рестрикции заемане за дома 87208 Регионална библиотека "Любен Каравелов" Русе Регионална библиотека "Любен Каравелов" Русе Заемна - подръчен фонд 2015-04-27 Заемна - подръчен фонд 10.00 120000787472 П 886.7-9/Н 74 120000787472 4 5.11 Дост: DA Вид: А N: 7 Дата: 27.04.2015 Дата инв: 13.02.2018 Бележки инв: П2018 Книги  
Vip Innovations Ltd, Rousse, Bulgaria 2025